000 00304nam a22001097a 4500
005 20250901165816.0
008 250328b |||||||| |||| 00| 0 eng d
020 _a9780435124809
050 _aPN 6014 .P38 1997
245 _aThe New Windmill Book of Stories from Around the World
_cPATEL HILARY
942 _2lcc
999 _c9499
_d9499